000 01065nam a2200241 a 4500
999 _c619
_d619
003 AR-BaISA
005 20190710170521.0
007 ta
008 190705s2018 ag ad||| |||| 00| 0 spa d
020 _a9789872235611
040 _cAR-BaISA
082 0 4 _222
_a338.476 160 44 In8
100 1 _91500
_aInsua, Jorge T.
_eaut.
245 1 0 _aEnfermedad crónica no transmisible:
_bcarga de enfermedad, evaluación de resultados, políticas y economía en países de desarrollo intermedio y bajo /
_cJorge T. Insua y Osvaldo P. Tibaudin
260 _aBuenos Aires:
_bEditum,
_c2018
300 _a336 p.:
_bil., graf.
505 _tEl problema --
_tSus causas --
_tSoluciones posibles: tecnología y drogas --
_tSoluciones posibles: servicios de salud --
_tPolíticas públicas: acciones --
_tAcciones: manejo clínico de la ECNT
650 1 4 _91407
_aCostos de la atención en salud
650 1 0 _9699
_aEconomía de la salud
650 1 4 _91501
_aEnfermedad crónica no transmisible
_xaspectos económicos
700 1 _91502
_aTibaudin, Osvaldo P.
_eaut.
942 _2ddc
_cLI